000 00548nam a2200217Ia 4500
003 OSt
005 20220928135449.0
006 a|||||r|||| 00| 0
007 ta
008 220927b |||||||| |||| 00| 0 eng d
024 _a2330
037 _cTextual
040 _aSDCL
_cSDCL
_beng
041 _2eng
_aeng
082 _aO-,1J:g, L0
100 _aCullen Patrick
_9490802
245 0 _aSpenser, Marvell, and renaissance pastoral
260 _c1970
942 _hO-,1J:g, L0
_cTEXL
_2CC
999 _c806141
_d806141